| 000 | 01102nam2a22002531 4500 | ||
|---|---|---|---|
| 001 | RU\NLR\INFOCOMM16\1000019552 | ||
| 005 | 20040126125648.0 | ||
| 035 | _a(NLR Aleph) 002744182 | ||
| 090 |
_a2082122 _c2082122 |
||
| 100 | _a20040126d1948 |||y0rusy50 ba | ||
| 101 | 0 | _arus | |
| 102 | _aRU | ||
| 105 | _ay ||||||||| | ||
| 200 | 1 |
_aДенежное обязательство в гражданском и коллизионном праве капиталистических стран _fЛунц Л.А. |
|
| 210 | _d1948 | ||
| 461 | 0 |
_1001RU\NLR\INFOCOMM16\1000019538 _12001#$aУченые труды$fВсесоюз. ин-т юрид. наук НКЮ СССР$vВып.14 _92082104 _aВсесоюзный институт юридических наук _cМ. _d1940-1948 _fВсесоюз. ин-т юрид. наук НКЮ СССР _nЮриздат НКЮ СССР _tУченые труды _vВып.14 |
|
| 700 | 1 |
_aЛунц _bЛ. А. _4070 |
|
| 801 | 0 |
_aRU _bNLR _gPSBO |
|
| 801 | 1 |
_aRU _bInfoComm _c20040126 |
|
| 852 |
_aNLR _jП22/2731 |
||
| 942 | _cISSUE | ||
| 980 | _aNB | ||
| 980 | _aRUSPER | ||